01242cam a22002771a 4500001001300000003000400013005001700017008004100034010001700075035002000092040002400112043001200136050002400148051001600172100003000188245022500218260006500443300004000508440004200548500004200590500020200632504003700834650002900871710004700900999001700947gs 07000384 DLC20260227111305.0831214s1843 nyuf b 000 0 eng  ags 07000384  a(OCoLC)35836564 aDLCcIaUdNAlfdDLC an-us-ny00aQH105.N7bN2 div. 2 aQK177b.T691 aTorrey, John,d1796-1873.12aA flora of the state of New York :bcomprising full descriptions of all the indigenous and naturalized plants hitherto discovered in the state; with remarks on their economical and medicinal properties /cby John Torrey. aAlbany :bCarroll and Cook, Printers to the Assembly,c1843. a2 v. :bplates (1 folded) ;c29 cm. 0aNatural history of New York ;vdiv. 2 aAdded t.-p., engraved, with vignette. aGeneral author and subject index may be found in "Index to publications of the New York natural history survey and New York State museum. By Mary Ellis. 1903." (New York. State museum. Bulletin 66) aBibliography: vol.I, p.[ix]-xii. 0aBotanyzNew York (State)1 aNew York (State).bNatural History Survey. c24573d24573